| 000 | 00590nam a2200193Ia 4500 | ||
|---|---|---|---|
| 003 | GCL | ||
| 008 | 140319s9999 xx 000 0 ara d | ||
| 040 |
_aGCL / _cGCL |
||
| 082 | 0 | 4 |
_a927.7 _bص ف |
| 100 | 1 | _aصبحى الشارونى | |
| 245 | 1 | 0 |
_aالفنان صلاح عبد الكريم / _cصبحى الشارونى |
| 300 | _a64 - 45 | ||
| 490 |
_aسلسلة الفن المصرى المعاصر _v0 |
||
| 650 | 0 | 4 | _aالتراجم |
| 650 | 0 | 4 | _aالرجال - تراجم |
| 650 | 0 | 4 | _aصلاح عبد الكريم |
| 650 | 0 | 4 | _aالفنانون - تراجم |
| 942 |
_2ddc _cBK |
||
| 999 |
_c46340 _d46340 |
||